Name the 10 largest seaports in Europe - Statistics

General Stats
  • This quiz has been taken 45 times
  • The average score is 5 of 10
Answer Stats
Answer % Correct
Rotterdam
95%
Hamburg
68%
Antwerp
65%
Marseille
63%
Amsterdam
58%
Valencia
35%
Le Havre
33%
Bremen
28%
Piraeus
18%
Algeciras
10%
No matching quizzes found
Score Distribution
Percent of People with Each Score
Percentile by Number Answered
Your Score History
You have not taken this quiz